Statistics for Happy Days Franchise

Click here to take the quiz!

General Stats

  • This quiz has been taken 14 times
  • The average score is 7 of 12

Answer Stats

TypeYearNameInfo% Correct
Musical2007Happy DaysPaul Williams
100%
TV Show1974-1984Happy DaysABC
100%
TV Show1976-1983Laverne & ShirleyABC
90%
TV Show1981-1982Laverne & Shirley in the ArmyABC
90%
TV Show1978-1982Mork & MindyABC
90%
TV Show1982-1983Mork & Mindy/Laverne & Shirley/Fonz HourABC
90%
TV Show1982-1983Joanie Loves ChachiABC
80%
Video Game1976FonzSega
40%
TV Show1980-1981The Fonz and the Happy Days GangABC
30%
TV Show1977Blansky's BeautiesABC
10%
TV Show1979Out of the BlueABC
10%
Sculpture2008Bronze FonzGerald P. Sawyer
0%

Score Distribution

Percentile by Number Answered

Percent of People with Each Score

Your Score History

You have not taken this quiz